000 00965cab a2200229 4500
001 L136444
008 070131n2007 000 0 eng u
035 _a(Sirsi) u136444
041 0 _aeng
100 1 _aBrock, David
245 0 0 _aPlanning after Barker
260 _c2007
490 0 0 _aSolicitors' Journal
_v151(4) 26 January 2007, 108(1)
520 _aOffers advice to local authorities and developers caught up in the uncertainty created by "R (Barker) v. Bromley LBC" ([2006] UKHL 52). Argues that the most obvious effect of the ruling is that the Environmental Impact Assessment (EIA) Regulations 1999 must be amended in order to be consistent with EU law.
590 _aKA
650 2 4 _aR V BROMLEY LBC AND ANOTHER EX P BARKER
650 2 4 _aENVIRONMENTAL IMPACT REGULATIONS 1999
651 4 _aEngland
_y886-
690 _aENVIRONMENTAL AND LAND CONSULTANCY-PLANNING AND DEVELOPMENT-PLANNING GUIDANCE
700 1 _aMoreton, Caroline
942 _n0
999 _c78295
_d78295